[Event "GER-chT U12"]
[Site "Magdeburg"]
[Date "2018.12.30"]
[Round "7.3"]
[White "Kaiser, Jason"]
[Black "Werling, Lasse"]
[Result "0-1"]
[WhiteElo "1254"]
[BlackElo "1180"]
[PlyCount "120"]
[EventDate "2018.12.27"]
[EventType "team-swiss"]
[EventRounds "7"]
[EventCountry "GER"]
[SourceTitle "CBM 188 Extra"]
[Source "ChessBase"]
[SourceDate "2019.02.28"]
[SourceVersion "1"]
[SourceVersionDate "2019.02.28"]
[SourceQuality "1"]
[WhiteTeam "Neuberg"]
[BlackTeam "Lahnstein Turm"]
[WhiteTeamCountry "GER"]
[BlackTeamCountry "GER"]

1. e4 e6 2. d4 d5 3. Bd3 c5 4. c3 Nc6 5. Ne2 Nf6 6. e5 Nd7 7. b3 Qb6 8. Be3 cxd4 9. cxd4 Bb4+ 10. Nd2 0-0 11. 0-0 Qc7 12. Ng3 f6 13. f4 Qb6 14. Nf3 Bc3 15. Rc1 Bxd4 16. Nxd4 Nxd4 17. Bxh7+ Kxh7 18. Bxd4 Qb4 19. Bc3 Qe7 20. Qh5+ Kg8 21. Qg4 fxe5 22. fxe5 Qc5+ 23. Bd4 Nxe5 24. Bxc5 Rxf1+ 25. Rxf1 Nxg4 26. Rf8+ Kh7 27. a4 b6 28. Bd6 Nf6 29. Rf7 Ba6 30. Re7 Rc8 31. Rxa7 Bd3 32. Be5 Rc1+ 33. Kf2 Ng4+ 34. Kf3 Nxe5+ 35. Kf4 Ng6+ 36. Ke3 Bc2 37. Kd2 Rg1 38. Kxc2 Rxg2+ 39. Kd3 Rxh2 40. Ne2 Rh3+ 41. Kc2 e5 42. Rb7 d4 43. Nc1 e4 44. Rxb6 d3+ 45. Kd2 Rh2+ 46. Kd1 d2 47. a5 e3 48. Rd6 Rh1+ 49. Ke2 dxc1Q 50. a6 Qe1+ 51. Kf3 Qf2+ 52. Ke4 Rh4+ 53. Kd5 Qd2+ 54. Kc6 Ne5+ 55. Kc7 Qc3+ 56. Kb7 Rb4+ 57. Rb6 Qc6+ 58. Kb8 Rxb6+ 59. Ka7 Qc7+ 60. Ka8 Rb8# 0-1

[Event "GER-chT U12"]
[Site "Magdeburg"]
[Date "2018.12.29"]
[Round "6.3"]
[White "Werling, Lasse"]
[Black "Levitskii, Philipp"]
[Result "0-1"]
[WhiteElo "1180"]
[BlackElo "1267"]
[PlyCount "50"]
[EventDate "2018.12.27"]
[EventType "team-swiss"]
[EventRounds "7"]
[EventCountry "GER"]
[SourceTitle "CBM 188 Extra"]
[Source "ChessBase"]
[SourceDate "2019.02.28"]
[SourceVersion "1"]
[SourceVersionDate "2019.02.28"]
[SourceQuality "1"]
[WhiteTeam "Lahnstein Turm"]
[BlackTeam "Fuerth"]
[WhiteTeamCountry "GER"]
[BlackTeamCountry "GER"]

1. e4 e5 2. Nf3 Nc6 3. Nc3 Nf6 4. Bc4 Bb4 5. d3 d6 6. 0-0 Bg4 7. Bg5 h6 8. Bh4 g5 9. Bg3 Qd7 10. a3 Bc5 11. Nd5 Nxd5 12. Bxd5 Nd4 13. Bxb7 Rb8 14. b4 Bb6 15. Bd5 Nxf3+ 16. gxf3 Bh3 17. Re1 h5 18. a4 h4 19. b5 Ke7 20. Qd2 f6 21. a5 hxg3 22. axb6 gxh2+ 23. Kh1 Bg2+ 24. Kxg2 Qh3+ 25. Kh1 Qxf3# 0-1

[Event "GER-chT U12"]
[Site "Magdeburg"]
[Date "2018.12.28"]
[Round "3.3"]
[White "Aravindan, Midhulan"]
[Black "Werling, Lasse"]
[Result "0-1"]
[WhiteElo "1511"]
[BlackElo "1180"]
[PlyCount "80"]
[EventDate "2018.12.27"]
[EventType "team-swiss"]
[EventRounds "7"]
[EventCountry "GER"]
[SourceTitle "CBM 188 Extra"]
[Source "ChessBase"]
[SourceDate "2019.02.28"]
[SourceVersion "1"]
[SourceVersionDate "2019.02.28"]
[SourceQuality "1"]
[WhiteTeam "Aachen Aufwaerts"]
[BlackTeam "Lahnstein Turm"]
[WhiteTeamCountry "GER"]
[BlackTeamCountry "GER"]

1. e4 e6 2. d4 d5 3. exd5 exd5 4. Nf3 Nc6 5. c3 Nge7 6. Bd3 Bf5 7. 0-0 Bxd3 8. Qxd3 g6 9. Re1 Bg7 10. Bf4 0-0 11. Nbd2 Nf5 12. Nf1 Qd7 13. Ne3 Nce7 14. Ng4 f6 15. h3 Rfe8 16. Re2 Rac8 17. Rae1 c5 18. Re6 Rc6 19. Qe2 h5 20. Ngh2 Kf7 21. Rxc6 Qxc6 22. dxc5 Qxc5 23. Qe6+ Kf8 24. g4 g5 25. Bxg5 Qc6 26. gxf5 Qxe6 27. fxe6 fxg5 28. Nxg5 Ng6 29. Re3 Bh6 30. Rf3+ Kg7 31. Rf7+ Kg8 32. Nh7 Rxe6 33. Rf6 Re1+ 34. Kg2 Kxh7 35. Nf3 Re2 36. Rf7+ Kg8 37. Rxb7 Be3 38. Re7 Nxe7 39. Nd4 Bxd4 40. cxd4 Rxb2 0-1

[Event "GER-chT U12"]
[Site "Magdeburg"]
[Date "2018.12.27"]
[Round "1.3"]
[White "Monninkhoff, Yari"]
[Black "Werling, Lasse"]
[Result "1/2-1/2"]
[WhiteElo "1207"]
[BlackElo "1180"]
[PlyCount "79"]
[EventDate "2018.12.27"]
[EventType "team-swiss"]
[EventRounds "7"]
[EventCountry "GER"]
[SourceTitle "CBM 188 Extra"]
[Source "ChessBase"]
[SourceDate "2019.02.28"]
[SourceVersion "1"]
[SourceVersionDate "2019.02.28"]
[SourceQuality "1"]
[WhiteTeam "Berlin Empor"]
[BlackTeam "Lahnstein Turm"]
[WhiteTeamCountry "GER"]
[BlackTeamCountry "GER"]

1. e4 e6 2. d4 d5 3. exd5 exd5 4. Nf3 c5 5. Bf4 Qb6 6. b3 Nc6 7. dxc5 Qb4+ 8. Qd2 Qxd2+ 9. Nbxd2 Bxc5 10. Bb5 Nge7 11. 0-0 0-0 12. Bxc6 bxc6 13. c3 Ng6 14. Bg3 a5 15. Rfe1 Ra7 16. Ne5 Nxe5 17. Rxe5 f6 18. Ree1 Bf5 19. Bf4 Rd7 20. Nf3 Be4 21. Nd4 Rc8 22. Rad1 Kf7 23. Nxc6 Rxc6 24. Rxe4 g5 25. Bg3 f5 26. Ra4 f4 27. Bxf4 gxf4 28. Rxf4+ Kg6 29. g3 Bb6 30. Rc4 Rf6 31. Rg4+ Kf7 32. Rd2 Rf3 33. c4 Ke6 34. Kg2 Rf5 35. h3 dxc4 36. Re4+ Kf6 37. Rxd7 Rxf2+ 38. Kh1 Rf1+ 39. Kg2 Rf2+ 40. Kh1 1/2-1/2

[Event "SVR-op"]
[Site "Heimbach Weis"]
[Date "2017.04.14"]
[Round "6"]
[White "Werling, Lasse"]
[Black "Roesch, Felix"]
[Result "0-1"]
[WhiteElo "912"]
[BlackElo "1333"]
[PlyCount "86"]
[EventDate "2017.04.08"]
[EventType "swiss"]
[EventRounds "7"]
[EventCountry "GER"]
[SourceTitle "EXT 2020"]
[Source "ChessBase"]
[SourceDate "2019.10.17"]
[SourceVersion "1"]
[SourceVersionDate "2019.10.17"]
[SourceQuality "1"]

1. e4 c6 2. Nc3 d5 3. d3 e5 4. f4 Bd6 5. g3 Nf6 6. Nf3 Nbd7 7. a3 0-0 8. Be2 Re8 9. f5 Nc5 10. Bg5 h6 11. Bh4 dxe4 12. dxe4 Be7 13. Nxe5 Nfxe4 14. Bxe7 Qxe7 15. Nf3 Bxf5 16. Qd4 Rad8 17. Qc4 b5 18. Qb4 Nxc3 19. 0-0 Nxe2+ 20. Kg2 Be4 21. Rae1 Bxf3+ 22. Rxf3 Nf4+ 23. Qxf4 Qxe1 24. Qxf7+ Kh8 25. Rf2 Re2 26. Qf3 Rxf2+ 27. Qxf2 Qxf2+ 28. Kxf2 Rd2+ 29. Ke3 Rxc2 30. Kd4 Kg8 31. Ke5 Rxb2 32. g4 Ra2 33. Kf5 Rxa3 34. h4 b4 35. g5 b3 36. gxh6 b2 37. hxg7 b1Q+ 38. Kf6 Re3 39. h5 Qf1+ 40. Kg6 Qg2+ 41. Kf6 Qf3+ 42. Kg6 Qg4+ 43. Kf6 Re6# 0-1

[Event "SVR-op"]
[Site "Heimbach Weis"]
[Date "2017.04.13"]
[Round "4"]
[White "Werling, Lasse"]
[Black "Barzen, Anne"]
[Result "1/2-1/2"]
[WhiteElo "912"]
[BlackElo "1158"]
[PlyCount "62"]
[EventDate "2017.04.08"]
[EventType "swiss"]
[EventRounds "7"]
[EventCountry "GER"]
[SourceTitle "EXT 2020"]
[Source "ChessBase"]
[SourceDate "2019.10.17"]
[SourceVersion "1"]
[SourceVersionDate "2019.10.17"]
[SourceQuality "1"]

1. e4 e6 2. d4 d5 3. e5 c5 4. c3 a6 5. Nf3 Qb6 6. a3 Nc6 7. b4 cxb4 8. axb4 Bd7 9. b5 Na7 10. bxa6 Bb5 11. Bxb5+ Nxb5 12. a7 Rxa7 13. Rxa7 Qxa7 14. Qb3 Qa6 15. 0-0 Ne7 16. Na3 Nc7 17. Bg5 Nc6 18. Ra1 Be7 19. Nc2 Qb5 20. Qxb5 Nxb5 21. Ra8+ Nd8 22. Bxe7 Kxe7 23. Nb4 Nxc3 24. Nd2 Ne2+ 25. Kf1 Nxd4 26. f3 N4c6 27. Nxc6+ bxc6 28. Nb3 h5 29. Na5 Rh6 30. Ra7+ Ke8 31. Ra8 Kd7 1/2-1/2

[Event "SVR-op"]
[Site "Heimbach Weis"]
[Date "2017.04.08"]
[Round "2"]
[White "Werling, Lasse"]
[Black "Busch, Dorothee"]
[Result "1-0"]
[WhiteElo "912"]
[BlackElo "1315"]
[PlyCount "81"]
[EventDate "2017.04.08"]
[EventType "swiss"]
[EventRounds "7"]
[EventCountry "GER"]
[SourceTitle "EXT 2020"]
[Source "ChessBase"]
[SourceDate "2019.10.17"]
[SourceVersion "1"]
[SourceVersionDate "2019.10.17"]
[SourceQuality "1"]

1. e4 c5 2. c4 d6 3. d3 Nf6 4. Nc3 e6 5. Nf3 Be7 6. Be2 0-0 7. Be3 a6 8. 0-0 Nbd7 9. h3 b6 10. Qb3 Bb7 11. a3 Qc7 12. Bg5 Rac8 13. a4 Rfe8 14. Rfd1 h6 15. Bh4 Qc6 16. Nd2 Ne5 17. Bg3 Ng6 18. a5 bxa5 19. Rxa5 Bd8 20. Raa1 Rb8 21. Qa4 Qb6 22. b3 e5 23. Rab1 Bc6 24. Qa3 Ra8 25. b4 cxb4 26. Rxb4 Qc7 27. Rdb1 a5 28. R4b2 Be7 29. Qa2 Nd7 30. Bh5 Nc5 31. Be2 Bg5 32. Nd5 Bxd5 33. cxd5 Qe7 34. Nb3 Bf4 35. Bxf4 Nxf4 36. Nxc5 Qg5 37. g3 dxc5 38. Bg4 Nxd3 39. Rb5 a4 40. Bd7 Red8 41. Rb7 1-0